Culture générale - numéro 25 - Statistiques

Statistiques générales
  • Ce quiz a été pris 153 fois
  • Le résultat moyen est 7 sur 15
Statistiques - réponses
Question Réponse % Correct
Quelle application lituanienne permet de vendre et d'acheter des vêtements neufs ou d'occasion? Vinted
96%
Qui est l'auteur de l'Odyssée? Homère
89%
Quelle femme fût chancelière allemande de 2005 à 2021? Angela Merkel
82%
Dans quelle série, sortie en 2004, les protagonistes se retrouvent sur une île après le crash de leur avion? Lost: les disparus
68%
Quel plat méditerranéen est composé de soupe de poissons, croûtons de pain et pommes de terre? Bouillabaisse
67%
Quel est l'unique pays dirigé par un empereur? Japon
57%
Quel massif montagneux long de 2500km s'étend sur le Maghreb? Atlas
50%
À quelle compétition se rapporte le terme "C3" au football? Ligue Europa
41%
Quel est le nom du film lipidique sécrété par les glandes au niveau de la peau? Sébum
32%
Quel pays a proposé à Albert Einstein d'être président en 1952? Israël
31%
Quel est le seul drapeau national, d'un pays en Amérique, où figurent des êtres humains? Belize
26%
Dans quel pays se situent les entités d'Ossétie du Sud et d'Abkhazie? Géorgie
26%
Quel est le composant principal de la dynamite? Nitroglycerine
26%
Qui est le directeur de l'école élémentaire dans les Simpsons? Seymour Skinner
24%
Qui est l'auteur de Gaston Lagaffe et du Marsupilami? Franquin
21%
Aucun quiz correspondant
Distribution des résultats
% des personnes avec chaque résultat
Percentile par nombre de réponses
Votre historique - résultats
Vous n’avez pas pris ce quiz